[Event "AUT-ch Seniors 65"]
[Site "Deutschlandsberg"]
[Date "2018.04.25"]
[Round "4"]
[White "Reisner, Hans"]
[Black "Pyrzek, Hans Dieter Michael"]
[Result "1/2-1/2"]
[WhiteElo "1586"]
[BlackElo "1704"]
[PlyCount "54"]
[EventDate "2018.04.22"]
[EventType "swiss"]
[EventRounds "7"]
[EventCountry "AUT"]
[SourceTitle "CBM 184 Extra"]
[Source "ChessBase"]
[SourceDate "2018.06.28"]
[SourceVersion "1"]
[SourceVersionDate "2018.06.28"]
[SourceQuality "1"]

1. e4 d5 2. exd5 Nf6 3. d4 Bg4 4. Be2 Bxe2 5. Nxe2 Qxd5 6. 0-0 e6 7. Nbc3 Qh5 8. Bf4 c6 9. Qd2 Be7 10. Ng3 Qg6 11. Rfe1 Nbd7 12. Nce4 0-0 13. Nd6 b5 14. Ndf5 Bd8 15. Nh4 Qg4 16. Nf3 Nd5 17. Bd6 Be7 18. h3 Qg6 19. Bxe7 Nxe7 20. Ne4 Nf5 21. Kh2 h5 22. Qf4 Rac8 23. Rg1 c5 24. dxc5 Nxc5 25. g4 Qh6 26. Qxh6 Nxh6 27. Nd6 Rb8 1/2-1/2

[Event "AUT-ch Seniors 65"]
[Site "Deutschlandsberg"]
[Date "2018.04.23"]
[Round "2"]
[White "Pyrzek, Hans Dieter Michael"]
[Black "Hasovic, Rasim"]
[Result "0-1"]
[WhiteElo "1704"]
[BlackElo "1838"]
[PlyCount "97"]
[EventDate "2018.04.22"]
[EventType "swiss"]
[EventRounds "7"]
[EventCountry "AUT"]
[SourceTitle "CBM 184 Extra"]
[Source "ChessBase"]
[SourceDate "2018.06.28"]
[SourceVersion "1"]
[SourceVersionDate "2018.06.28"]
[SourceQuality "1"]

1. e4 c5 2. Nf3 Nc6 3. d3 g6 4. g3 Bg7 5. Bg2 e6 6. Nbd2 Nge7 7. 0-0 0-0 8. Re1 d5 9. c3 b6 10. Nf1 Bb7 11. Bf4 d4 12. c4 f6 13. h4 e5 14. Bd2 Bc8 15. N1h2 h6 16. Rf1 f5 17. exf5 Bxf5 18. Ne1 Rc8 19. f4 Qd7 20. g4 Be6 21. Be4 exf4 22. Bxf4 Ne5 23. Bxe5 Rxf1+ 24. Nxf1 Bxe5 25. Qd2 Bg7 26. g5 h5 27. Ng3 Be5 28. Qf2 Rf8 29. Nf3 Bf4 30. Kh1 Qd6 31. Rg1 Be3 32. Qg2 Bxg1 33. Kxg1 Qf4 34. Kh1 Bg4 35. Nd2 Qe3 36. Bd5+ Nxd5 37. Qxd5+ Kg7 38. Nge4 Qe1+ 39. Kg2 Qe2+ 40. Kg1 Qe3+ 41. Kh2 Rf2+ 42. Nxf2 Qxf2+ 43. Qg2 Qxh4+ 44. Kg1 Qxg5 45. Qb7+ Kh6 46. Qf7 Qxd2 47. Qf8+ Kg5 48. Qe7+ Kf4 49. Qd6+ 0-1